000
00312nam a2200121 a 4500
005
20140414093836.0
008
030611s19uu xx 00 eng d
050
_a
CDR 460
_b
MUL 1995 L-I
245
_a
Multimedia Spanish I.
650
_a
Spanish language
_x
Interactive videos.
942
_c
AVM
999
_c
109018
_d
109018